Папство и Украина; Политика римской курии на украинских землях в XVI-XVII вв.

Dades bibliogràfiques
Autor principal: Плохий С. Н. Сергей Николаевич
Idioma:rus
Publicat: Киев, Выща школа, 1989
Matèries:
Format: MixedMaterials Llibre
KOHA link:https://koha.lib.tpu.ru/cgi-bin/koha/opac-detail.pl?biblionumber=253863

MARC

LEADER 00000nam0a2200000 4500
001 253863
005 20231101232901.0
010 |a 5110022984 
020 |a RU  |b 89-44435 
035 |a (RuTPU)RU\TPU\book\276278 
090 |a 253863 
100 |a 20140317d1989 k a0rusy5003 ca 
101 0 |a rus 
102 |a UA 
105 |a y z 001zy 
200 1 |a Папство и Украина  |a Политика римской курии на украинских землях в XVI-XVII вв.  |f С. Н. Плохий 
210 |a Киев  |c Выща школа  |d 1989 
215 |a 222 с. 
320 |a Библиогр. в примеч.: с. 207-218. 
320 |a Указ. имен.: с. 219-221. 
606 1 |a Папство  |x История  |2 stltpush  |3 (RuTPU)RU\TPU\subj\48126  |9 67005 
610 1 |a 16 век 
610 1 |a униатская церковь 
610 1 |a 17 век 
610 1 |a Украина 
610 1 |a иезуиты 
610 1 |a митрополиты 
610 1 |a религиозная политика 
686 |a Э375-3  |2 rubbk 
700 1 |a Плохий  |b С. Н.  |g Сергей Николаевич 
801 0 |a RU  |b RuMRKP  |c 19950417  |g psbo 
801 1 |a RU  |b 63413507  |c 20140317 
801 2 |a RU  |b 63413507  |c 20140520  |g RCR 
942 |c BK